000 01119cam a2200133 4500500
005 20260405011611.0
041 _afre
042 _adc
100 1 0 _aHélix, Laurence
_eauthor
245 0 0 _aL'Ancien français en 18 textes et 18 leçons : S'initier à l'ancien français par les textes
260 _bArmand Colin,
_c2014.
520 _aCe manuel d’initiation à l’ancien français présente à chacun, étudiant ou enseignant, les fondements d’une discipline obligatoire pour la licence de lettres et les concours de l’enseignement secondaire. Faisant la part belle aux textes et aux exercices d’application, il s’inscrit dans une démarche originale et efficace: couvrir un semestre universitaire au rythme d’une leçon par semaine. Chaque chapitre est constitué d’une ou deux leçons de morphologie, phonétique ou syntaxe, d’un texte traduit et commenté et d’exercices d’application. Les 18 chapitres sont complétés par deux index et un lexique.
856 4 1 _uhttps://shs.cairn.info/l-ancien-francais-en-18-textes-et-18-lecons--9782200286224?lang=fr&redirect-ssocas=7080
999 _c2096064
_d2096064